000 00544nmm a2200193Ia 4500
008 251105s9999||||xx |||||||||||||||||und||
020 _a9786075015835
041 _aspa
100 _aVillafuerte, Katia
245 0 _aGastronomía para amar a México
264 _a[México D.C., Mexico] :
_bPlaza y Valdés,
_c2019
300 _a324 páginas
650 _aCooking
700 _aVillafuerte, Katia
700 1 _a Ayala, Arturo
700 1 _a Trujillo, Andrea
856 _uhttps://public.digitaliapublishing.com/a/110852
942 _cCF
999 _c72410
_d72410